Statistics for Super Easy Geography!

Click here to take the quiz!

General Stats

  • This quiz has been taken 57 times
  • The average score is 13 of 15

Answer Stats

Easy questionsAnswer% Correct
What is the capital of the UK?London
100%
What is the largest continent?Asia
98%
What is the worlds largest country?Russia
98%
What is the largest city in the USA?New York
95%
What is the smallest country?Vatican City
93%
Which continent is that country located in?Europe
91%
Where is the highest mountain?Nepal | China
91%
In which country is that city located in?Italy
89%
What is the second most populous country?India
87%
What is the second largest country in South America?Argentina
84%
Which city is that country located in?Rome
80%
What is the largest city of this country?Buenos Aires
76%
What is the capital of that country?New Delhi
75%
What is the worlds largest city?Guangzhou | Tokyo
62%
Where is the second highest mountain? (Hint: a country in the Himalayas)Pakistan
58%

Score Distribution

Percentile by Number Answered

Percent of People with Each Score

Your Score History

You have not taken this quiz